| 000 | 02238nam a2200289 a 4500 | ||
|---|---|---|---|
| 008 | 120416s1983 ||||||||||||||||| || u | ||
| 020 | _a0070462178 | ||
| 050 | _aHG 4527 Nel | ||
| 100 | _aNelson, Wayne F | ||
| 245 | 1 | 0 | _aHow to profit from the money revolution: the insider's guide to financial supermarkets, their super products, and super brokers |
| 260 |
_aNew York: _bMcGraw-Hill _c1983 |
||
| 300 | _axiii, 155 pages : illustrations | ||
| 350 | _a0.00 | ||
| 650 | _aINVESTMENTS--HANDBOOKS, MANUALS, ETC | ||
| 650 | _aMONEY MARKET FUNDS--HANDBOOKS, MANUALS, ETC | ||
| 650 | 0 | _aMONEY MARKET--HANDBOOKS, MANUALS, ETC | |
| 995 |
_aTEXTBOOKS (SB) _D0.00 _e01285 _FCBU-SCHOOL TEXTBOOK COLLECTIONS _H1 _I0.00 _jSCHOOL TEXTBOOK _M9 _UAVAILABLE _WSep 16, 2009 _y01285 _ZSchool Collections |
||
| 995 |
_aANNEX COLLECTION (Main Library) _e710475 _FCBU-MAIN LIBRARY (Kitwe) _I0.00 _jHG 4527 Nel _M10 _UAVAILABLE _WFeb 15, 2013 _y710475 _ZAnnex Low-Usage Collection |
||
| 995 |
_aANNEX COLLECTION (Main Library) _D0.00 _e006750 _FCBU-MAIN LIBRARY (Kitwe) _H4 _I12.95 _jHG 4527 Nel _M2 _UAVAILABLE _y006750 _ZAnnex Low-Usage Collection |
||
| 995 |
_aANNEX COLLECTION (Main Library) _D0.00 _e713079 _FCBU-MAIN LIBRARY (Kitwe) _H3 _I12.95 _jHG 4527 Nel _M3 _UAVAILABLE _y006751 _ZAnnex Low-Usage Collection |
||
| 995 |
_aANNEX COLLECTION (Main Library) _D0.00 _e713081 _FCBU-MAIN LIBRARY (Kitwe) _H5 _I12.95 _jHG 4527 Nel _M5 _UAVAILABLE _y006753 _ZAnnex Low-Usage Collection |
||
| 995 |
_aANNEX COLLECTION (Main Library) _D0.00 _e710474 _FCBU-MAIN LIBRARY (Kitwe) _H1 _I12.95 _jHG 4527 Nel _M4 _UAVAILABLE _y006752 _ZAnnex Low-Usage Collection |
||
| 995 |
_aTEXTBOOKS (SB) _D0.00 _e01283 _FCBU-SCHOOL TEXTBOOK COLLECTIONS _H1 _I0.00 _jSCHOOL TEXTBOOK _M7 _UAVAILABLE _WSep 16, 2009 _y01283 _ZSchool Collections |
||
| 995 |
_aBINDERY (DAMAGED) _D0.00 _e710476 _FCBU-MAIN LIBRARY (Kitwe) _H1 _I0.00 _jHG 4527 Nel _M6 _UDAMAGED _WJun 3, 2009 _y710476 _ZMain Library Open Access Collection |
||
| 995 |
_aTEXTBOOKS (SB) _D0.00 _e01284 _FCBU-SCHOOL TEXTBOOK COLLECTIONS _H1 _I0.00 _jSCHOOL TEXTBOOK _M8 _UAVAILABLE _WSep 16, 2009 _y01284 _ZSchool Collections |
||
| 995 |
_aANNEX COLLECTION (Main Library) _D0.00 _e710473 _FCBU-MAIN LIBRARY (Kitwe) _H2 _I12.95 _jHG 4527 Nel _M1 _UAVAILABLE _y006749 _ZAnnex Low-Usage Collection |
||
| 999 |
_c76390 _d76390 |
||